Catalog

Record Details

Catalog Search



Kelcie Murphy and the hunt for the Heart of Danu / ... Read More

Lewis, Erika, 1968- Sequel to: Kelcie Murphy and the academy for the unbreakable arts.(Added Author). ... Read More

Available copies

  • 3 of 3 copies available at LARL/NWRL Consortium.
  • 2 of 2 copies available at Lake Agassiz Regional Library. (Show preferred library)

Current holds

0 current holds with 3 total copies.

Show Only Available Copies
Location Call Number / Copy Notes Barcode Shelving Location Status Due Date
Breckenridge Public Library J LEW (Text) 33500013850268 Main Available -
Moorhead Public Library J LEW (Text) 33500013850250 Main Available -
Thief River Falls Public Library j LEW (Text) 35500006855470 Main Available -

Record details

  • ISBN: 9781250208309
  • ISBN: 1250208300
  • Physical Description: 424 pages ; 22 cm.
  • Edition: First edition.
  • Publisher: New York : Starscape, Tor Publishing Group, 2023.

Content descriptions

Summary, etc.:
While at The Academy for the Unbreakable Arts, ... Read More
Subject: Ability > Juvenile fiction.
Friendship > Juvenile fiction.
Mythology, Celtic > Juvenile fiction.
Goddesses > Fiction.
Schools > Juvenile fiction.
Quests (Expeditions) > Fiction.
Ability > Fiction.
Friendship > Fiction.
Mythology, Celtic > Fiction.
Schools > Fiction.
Fantasy.
Genre: Fantasy fiction.
School fiction.
Novels.
LDR 02968cam a22006738i 4500
001416368
003LARL_NWRL_CONSORTIUM
00520230810205516.0
008230330t20232023nyu c 000 1 eng
010 . ‡a 2023007714
040 . ‡aDLC ‡beng ‡erda ‡cDLC ‡dOCLCF ‡dOJ4 ‡dHBP ‡dRB0 ‡dJBI ‡dTOH
019 . ‡a1311071680 ‡a1311162260 ‡a1311236031 ‡a1311266491 ‡a1311361392 ‡a1390700291
020 . ‡a9781250208309 ‡q(hardcover)
020 . ‡a1250208300 ‡q(hardcover)
020 . ‡z9781250208293 ‡q(ebook)
035 . ‡a(OCoLC)1310764790 ‡z(OCoLC)1311071680 ‡z(OCoLC)1311162260 ‡z(OCoLC)1311236031 ‡z(OCoLC)1311266491 ‡z(OCoLC)1311361392 ‡z(OCoLC)1390700291
042 . ‡apcc
08200. ‡a[Fic] ‡223
1001 . ‡aLewis, Erika, ‡d1968- ‡eauthor.
24510. ‡aKelcie Murphy and the hunt for the Heart of Danu / ‡cErika Lewis.
24630. ‡aHunt for the Heart of Danu
250 . ‡aFirst edition.
264 1. ‡aNew York : ‡bStarscape, Tor Publishing Group, ‡c2023.
264 4. ‡c©2023
300 . ‡a424 pages ; ‡c22 cm.
336 . ‡atext ‡btxt ‡2rdacontent
337 . ‡aunmediated ‡bn ‡2rdamedia
338 . ‡avolume ‡bnc ‡2rdacarrier
4900 . ‡aAcademy for the Unbreakable Arts ; ‡v2
520 . ‡aWhile at The Academy for the Unbreakable Arts, Kelcie receives a warning from her goddess mother that The Heart of Danu, the legendary source of all light and warmth, will be stolen, so Kelcie and her friends set off to prevent their world from falling into darkness.
650 0. ‡aAbility ‡vJuvenile fiction.
650 0. ‡aFriendship ‡vJuvenile fiction. ‡0(LARL_NWRL_CONSORTIUM)164914
650 0. ‡aMythology, Celtic ‡vJuvenile fiction.
650 0. ‡aGoddesses ‡vFiction. ‡0(LARL_NWRL_CONSORTIUM)172322
650 0. ‡aSchools ‡vJuvenile fiction. ‡0(LARL_NWRL_CONSORTIUM)167227
650 0. ‡aQuests (Expeditions) ‡vFiction. ‡0(LARL_NWRL_CONSORTIUM)166982
650 1. ‡aAbility ‡vFiction.
650 1. ‡aFriendship ‡vFiction. ‡0(LARL_NWRL_CONSORTIUM)164944
650 1. ‡aMythology, Celtic ‡vFiction. ‡0(LARL_NWRL_CONSORTIUM)165988
650 1. ‡aSchools ‡vFiction. ‡0(LARL_NWRL_CONSORTIUM)167222
650 1. ‡aFantasy. ‡0(LARL_NWRL_CONSORTIUM)19981
655 7. ‡aFantasy fiction. ‡2lcgft
655 7. ‡aSchool fiction. ‡2lcgft
655 7. ‡aNovels. ‡2lcgft
7001 . ‡iSequel to: ‡aLewis, Erika, ‡d1968- ‡tKelcie Murphy and the academy for the unbreakable arts.
7001 . ‡aLewis, Erika, ‡d1968- ‡tAcademy for the Unbreakable Arts.
77608. ‡iOnline version: ‡aLewis, Erika. ‡tKelcie Murphy and the hunt for the heart of Danu. ‡bFirst edition ‡dNew York : Starscape, Tor Publishing Group, 2023 ‡z9781250208293 ‡w(DLC) 2023007715
901 . ‡a416368 ‡bOCoLC ‡c416368 ‡tbiblio ‡soclc

Additional Resources